[Event "EYCC 2024 - O16"]
[Site "?"]
[Date "2024.08.26"]
[Round "5.1"]
[White "Arnold, Rhys"]
[Black "Podolskyi, Mykhailo"]
[Result "1-0"]
[BlackElo "2329"]
[WhiteElo "2171"]
[LiveChessVersion "1.4.8"]

1. e4 {[%clk 1:30:17]} c5 {[%clk 1:30:38]} 2. Nf3 {[%clk 1:30:44]} e6
{[%clk 1:30:47]} 3. d4 {[%clk 1:31:04]} cxd4 {[%clk 1:31:12]} 4. Nxd4
{[%clk 1:31:30]} a6 {[%clk 1:31:36]} 5. c4 {[%clk 1:30:52]} Nf6 {[%clk 1:31:38]}
6. Nc3 {[%clk 1:29:33]} Qc7 {[%clk 1:31:37]} 7. a3 {[%clk 1:25:23]} b6
{[%clk 1:29:34]} 8. Be2 {[%clk 1:20:55]} Bb7 {[%clk 1:28:51]} 9. f3
{[%clk 1:21:01]} Be7 {[%clk 1:28:23]} 10. Be3 {[%clk 1:17:34]} O-O
{[%clk 1:28:04]} 11. Rc1 {[%clk 1:13:17]} d6 {[%clk 1:26:04]} 12. O-O
{[%clk 1:11:35]} Nbd7 {[%clk 1:26:16]} 13. Kh1 {[%clk 1:03:07]} Rac8
{[%clk 1:23:55]} 14. Qe1 {[%clk 1:01:15]} Qb8 {[%clk 1:15:29]} 15. Qf2
{[%clk 0:50:17]} Bd8 {[%clk 1:06:59]} 16. Rg1 {[%clk 0:45:14]} Ne5
{[%clk 0:32:03]} 17. b3 {[%clk 0:43:31]} Qa8 {[%clk 0:26:10]} 18. Rgd1
{[%clk 0:34:17]} Bc7 {[%clk 0:22:13]} 19. Na4 {[%clk 0:27:59]} Ned7
{[%clk 0:18:00]} 20. Nc3 {[%clk 0:27:29]} Ne5 {[%clk 0:17:14]} 21. Na4
{[%clk 0:27:53]} Ned7 {[%clk 0:17:26]} 22. Nc3 {[%clk 0:27:49]} Rfe8
{[%clk 0:17:24]} 23. Bd3 {[%clk 0:23:32]} Ne5 {[%clk 0:14:57]} 24. Bb1
{[%clk 0:23:24]} h6 {[%clk 0:11:44]} 25. Nde2 {[%clk 0:15:28]} Ned7
{[%clk 0:06:44]} 26. Nd4 {[%clk 0:15:51]} Qb8 {[%clk 0:06:57]} 27. Qg1
{[%clk 0:12:40]} Ne5 {[%clk 0:07:03]} 28. Bd2 {[%clk 0:11:24]} Rcd8
{[%clk 0:06:48]} 29. f4 {[%clk 0:08:54]} Ned7 {[%clk 0:06:53]} 30. Bc2
{[%clk 0:08:58]} Nc5 {[%clk 0:04:02]} 31. Re1 {[%clk 0:08:44]} Qa8
{[%clk 0:02:11]} 32. Qe3 {[%clk 0:04:16]} Bc8 {[%clk 0:00:31]} 33. b4
{[%clk 0:04:00]} Ncd7 {[%clk 0:00:42]} 34. Nf3 {[%clk 0:03:12]} Bb7
{[%clk 0:00:59]} 35. Qe2 {[%clk 0:03:20]} Rc8 {[%clk 0:00:42]} 36. Rcd1
{[%clk 0:03:10]} Rcd8 {[%clk 0:00:44]} 37. Bd3 {[%clk 0:03:24]} Rc8
{[%clk 0:00:48]} 38. Rc1 {[%clk 0:03:30]} Rcd8 {[%clk 0:00:56]} 39. Rcd1
{[%clk 0:03:55]} Bb8 {[%clk 0:00:59]} 40. Bc2 {[%clk 0:03:12]} Rc8
{[%clk 0:00:35]} 41. Rc1 {[%clk 0:03:07]} Bc7 {[%clk 0:00:35]} 42. Bd3
{[%clk 0:03:11]} Bb8 {[%clk 0:00:49]} 43. Bc2 {[%clk 0:03:19]} Bc6
{[%clk 0:01:18]} 44. Bd3 {[%clk 0:03:08]} Qa7 {[%clk 0:01:10]} 45. Rcd1
{[%clk 0:01:24]} Bb7 {[%clk 0:01:23]} 46. Rc1 {[%clk 0:01:40]} Qa8
{[%clk 0:01:09]} 47. Rcd1 {[%clk 0:01:50]} Bc7 {[%clk 0:01:38]} 48. Rc1
{[%clk 0:02:08]} Qb8 {[%clk 0:01:56]} 49. Rcd1 {[%clk 0:02:20]} Rcd8
{[%clk 0:02:15]} 50. Bc2 {[%clk 0:02:29]} Qa8 {[%clk 0:01:33]} 51. Bd3
{[%clk 0:02:06]} Nb8 {[%clk 0:02:01]} 52. Bc1 {[%clk 0:01:29]} Nc6
{[%clk 0:02:07]} 53. Bb2 {[%clk 0:01:42]} Nh5 {[%clk 0:01:03]} 54. Qd2
{[%clk 0:01:28]} Nf6 {[%clk 0:00:50]} 55. Ne2 {[%clk 0:01:10]} Nd7
{[%clk 0:00:33]} 56. Qc3 {[%clk 0:01:17]} Nf6 {[%clk 0:01:00]} 57. Ng3
{[%clk 0:01:13]} Ne7 {[%clk 0:00:53]} 58. Qc2 {[%clk 0:01:20]} Nd7
{[%clk 0:00:46]} 59. Nh5 {[%clk 0:01:32]} f6 {[%clk 0:00:47]} 60. Qf2
{[%clk 0:01:25]} Kf7 {[%clk 0:00:52]} 61. Nd4 {[%clk 0:01:07]} Nf8
{[%clk 0:00:40]} 62. Ng3 {[%clk 0:00:46]} Nc6 {[%clk 0:00:45]} 63. Nc2
{[%clk 0:00:57]} Qb8 {[%clk 0:00:57]} 64. Rf1 {[%clk 0:01:06]} Re7
{[%clk 0:00:31]} 65. Nh5 {[%clk 0:01:12]} Nd7 {[%clk 0:00:48]} 66. Qh4
{[%clk 0:01:07]} Rg8 {[%clk 0:00:46]} 67. Ne3 {[%clk 0:00:59]} Qf8
{[%clk 0:00:46]} 68. f5 {[%clk 0:00:54]} Nce5 {[%clk 0:00:58]} 69. Bc2
{[%clk 0:00:46]} Ke8 {[%clk 0:00:53]} 70. fxe6 {[%clk 0:00:52]} Rxe6
{[%clk 0:00:51]} 71. Nf4 {[%clk 0:01:09]} Re7 {[%clk 0:01:17]} 72. Nfd5
{[%clk 0:01:34]} Kd8 {[%clk 0:01:46]} 73. Nxe7 {[%clk 0:01:45]} Qxe7
{[%clk 0:02:15]} 74. Bb3 {[%clk 0:01:54]} g5 {[%clk 0:02:04]} 75. Qf2
{[%clk 0:01:33]} g4 {[%clk 0:02:32]} 76. Nf5 {[%clk 0:01:47]} Qh7
{[%clk 0:02:44]} 77. c5 {[%clk 0:02:08]} Rg5 {[%clk 0:03:07]} 78. cxd6
{[%clk 0:02:25]} Bb8 {[%clk 0:03:36]} 79. Bc1 {[%clk 0:02:36]} Rh5
{[%clk 0:03:41]} 80. Ng3 {[%clk 0:02:52]} Rh4 {[%clk 0:04:09]} 81. Bd5
{[%clk 0:03:01]} Bc8 {[%clk 0:04:23]} 82. Bb2 {[%clk 0:03:11]} Bxd6
{[%clk 0:04:36]} 83. Be6 {[%clk 0:03:01]} 1-0

[Event "EYCC 2024 - O16"]
[Site "?"]
[Date "2024.08.26"]
[Round "5.2"]
[White "Salonen, Aku"]
[Black "Kolimar, Kristof Pal"]
[Result "1-0"]
[BlackElo "2306"]
[WhiteElo "2171"]
[LiveChessVersion "1.4.8"]

1. e4 {[%clk 1:30:56]} c5 {[%clk 1:30:56]} 2. Nf3 {[%clk 1:31:16]} d6
{[%clk 1:31:24]} 3. Bb5+ {[%clk 1:31:14]} Bd7 {[%clk 1:31:49]} 4. c4
{[%clk 1:31:35]} Nc6 {[%clk 1:30:07]} 5. O-O {[%clk 1:29:39]} Nf6
{[%clk 1:25:56]} 6. Nc3 {[%clk 1:29:55]} g6 {[%clk 1:26:01]} 7. h3
{[%clk 1:27:35]} Bg7 {[%clk 1:25:38]} 8. d3 {[%clk 1:26:14]} O-O {[%clk 1:23:50]}
9. Be3 {[%clk 1:23:38]} a6 {[%clk 1:20:34]} 10. Ba4 {[%clk 1:22:32]} Ne8
{[%clk 1:11:00]} 11. Bxc6 {[%clk 1:06:51]} bxc6 {[%clk 1:08:30]} 12. e5
{[%clk 0:57:20]} Rb8 {[%clk 0:48:44]} 13. Qd2 {[%clk 0:57:14]} dxe5
{[%clk 0:48:57]} 14. Bxc5 Nd6 15. b3 {[%clk 0:44:30]} Bf5 {[%clk 0:42:13]} 16.
Qe3 {[%clk 0:39:46]} Nb7 {[%clk 0:32:37]} 17. Rad1 {[%clk 0:28:27]} Qa5
{[%clk 0:22:44]} 18. Na4 {[%clk 0:28:19]} Nxc5 {[%clk 0:21:44]} 19. Qxc5
{[%clk 0:28:40]} Qb4 {[%clk 0:12:51]} 20. Qxb4 {[%clk 0:27:08]} Rxb4
{[%clk 0:13:19]} 21. Nc5 {[%clk 0:27:24]} Ra8 {[%clk 0:09:02]} 22. Rfe1
{[%clk 0:27:27]} f6 {[%clk 0:09:25]} 23. d4 {[%clk 0:25:14]} Rbb8
{[%clk 0:06:54]} 24. dxe5 {[%clk 0:25:31]} Rd8 {[%clk 0:07:21]} 25. e6
{[%clk 0:22:21]} Bh6 {[%clk 0:05:03]} 26. Rd7 {[%clk 0:21:32]} Bf4
{[%clk 0:05:03]} 27. Nd4 {[%clk 0:20:58]} Bd6 {[%clk 0:03:14]} 28. Nxc6
{[%clk 0:19:19]} Rdc8 {[%clk 0:02:19]} 29. Rxd6 {[%clk 0:19:42]} exd6
{[%clk 0:02:44]} 30. Ne7+ {[%clk 0:20:04]} Kf8 {[%clk 0:03:11]} 31. Nxc8
{[%clk 0:20:22]} Rxc8 {[%clk 0:03:39]} 32. e7+ {[%clk 0:20:04]} Ke8
{[%clk 0:04:04]} 33. Nxa6 {[%clk 0:20:06]} Bd7 {[%clk 0:03:01]} 34. Nb4
{[%clk 0:20:15]} 1-0

[Event "EYCC 2024 - O16"]
[Site "?"]
[Date "2024.08.26"]
[Round "5.3"]
[White "Musial, Igor"]
[Black "Ostensen, Nicolai Maxime"]
[Result "0-1"]
[BlackElo "2292"]
[WhiteElo "2142"]
[LiveChessVersion "1.4.8"]

1. e4 {[%clk 1:30:59]} c5 {[%clk 1:30:53]} 2. Nf3 {[%clk 1:31:25]} Nc6
{[%clk 1:31:03]} 3. d4 {[%clk 1:31:52]} cxd4 {[%clk 1:31:27]} 4. Nxd4
{[%clk 1:32:20]} e5 {[%clk 1:31:32]} 5. Nb5 {[%clk 1:32:43]} d6 {[%clk 1:31:56]}
6. c4 {[%clk 1:32:58]} Be6 {[%clk 1:32:14]} 7. Bd3 {[%clk 1:33:18]} g6
{[%clk 1:31:47]} 8. O-O {[%clk 1:33:02]} a6 {[%clk 1:31:42]} 9. N5c3
{[%clk 1:33:25]} Bg7 {[%clk 1:31:04]} 10. Nd5 {[%clk 1:33:19]} Nf6
{[%clk 1:28:14]} 11. Nbc3 {[%clk 1:33:42]} Nd7 {[%clk 1:27:46]} 12. Be3
{[%clk 1:20:20]} O-O {[%clk 1:27:43]} 13. Rb1 {[%clk 1:01:06]} Nd4
{[%clk 1:25:31]} 14. Bxd4 {[%clk 0:57:43]} exd4 {[%clk 1:25:54]} 15. Ne2
{[%clk 0:58:09]} Re8 {[%clk 1:23:41]} 16. Qd2 {[%clk 0:53:04]} Rc8
{[%clk 1:22:21]} 17. b3 {[%clk 0:49:45]} Nc5 {[%clk 1:20:21]} 18. Rbd1
{[%clk 0:46:46]} Bd7 {[%clk 1:17:26]} 19. Rfe1 {[%clk 0:34:34]} b5
{[%clk 1:16:18]} 20. cxb5 {[%clk 0:34:08]} axb5 {[%clk 1:13:18]} 21. f3
{[%clk 0:30:27]} Bc6 {[%clk 1:09:09]} 22. Bb1 {[%clk 0:29:28]} Bxd5
{[%clk 1:06:56]} 23. exd5 {[%clk 0:29:57]} Re5 {[%clk 1:03:14]} 24. Nf4
{[%clk 0:24:06]} Bh6 {[%clk 1:00:32]} 25. g3 {[%clk 0:20:47]} Qf6
{[%clk 0:48:03]} 26. Rf1 {[%clk 0:16:07]} d3 {[%clk 0:46:23]} 27. Bxd3
{[%clk 0:14:57]} Nxd3 {[%clk 0:45:02]} 28. Qxd3 {[%clk 0:15:26]} Bxf4
{[%clk 0:45:17]} 29. gxf4 {[%clk 0:15:55]} Qxf4 {[%clk 0:45:16]} 30. Rd2
{[%clk 0:15:54]} Rc5 {[%clk 0:44:39]} 31. Qd4 {[%clk 0:15:20]} Rg5+
{[%clk 0:42:05]} 32. Kh1 {[%clk 0:15:33]} Rc1 {[%clk 0:40:50]} 33. Qxf4
{[%clk 0:14:04]} Rxf1# {[%clk 0:41:15]} 0-1

[Event "EYCC 2024 - O16"]
[Site "?"]
[Date "2024.08.26"]
[Round "5.4"]
[White "Craciun, Sasha-Matei"]
[Black "Ljepic, Andrej"]
[Result "0-1"]
[BlackElo "2275"]
[WhiteElo "2135"]
[LiveChessVersion "1.4.8"]

1. e4 {[%clk 1:30:56]} e5 {[%clk 1:30:53]} 2. Nf3 {[%clk 1:31:16]} d6
{[%clk 1:31:16]} 3. d4 {[%clk 1:31:00]} exd4 {[%clk 1:31:39]} 4. Nxd4
{[%clk 1:31:17]} Nf6 {[%clk 1:32:05]} 5. Nc3 {[%clk 1:31:28]} Be7
{[%clk 1:32:28]} 6. Bc4 {[%clk 1:27:08]} O-O {[%clk 1:32:52]} 7. O-O
{[%clk 1:27:33]} Re8 {[%clk 1:32:29]} 8. Re1 {[%clk 1:23:27]} a6 {[%clk 1:32:18]}
9. a4 {[%clk 1:23:41]} c5 {[%clk 1:31:51]} 10. Nf3 {[%clk 1:20:00]} Nc6
{[%clk 1:30:14]} 11. h3 {[%clk 1:19:39]} Bf8 {[%clk 1:25:14]} 12. Bf4
{[%clk 1:11:11]} Be6 {[%clk 1:23:33]} 13. Bxe6 {[%clk 1:08:33]} Rxe6
{[%clk 1:22:37]} 14. Qd3 {[%clk 1:07:06]} Nb4 {[%clk 1:19:41]} 15. Qd2
{[%clk 1:06:09]} h6 {[%clk 1:15:20]} 16. Re2 {[%clk 1:02:56]} Qd7
{[%clk 1:11:15]} 17. Ne1 {[%clk 0:51:12]} Rae8 {[%clk 1:08:33]} 18. Nd3
{[%clk 0:49:34]} Nc6 {[%clk 1:08:37]} 19. f3 {[%clk 0:46:36]} d5 {[%clk 1:06:17]}
20. exd5 {[%clk 0:44:26]} Rxe2 {[%clk 1:05:32]} 21. Nxe2 {[%clk 0:44:54]} Qxd5
{[%clk 1:04:55]} 22. Re1 {[%clk 0:41:25]} c4 {[%clk 0:58:43]} 23. Nf2
{[%clk 0:41:35]} Qe6 {[%clk 0:56:44]} 24. Bg3 {[%clk 0:36:59]} Nh5
{[%clk 0:54:30]} 25. Kf1 {[%clk 0:33:51]} Qxe2+ {[%clk 0:54:37]} 0-1

[Event "EYCC 2024 - O16"]
[Site "?"]
[Date "2024.08.26"]
[Round "5.5"]
[White "Prazak, Daniel"]
[Black "Nesterenko, Kyrylo"]
[Result "1-0"]
[BlackElo "2167"]
[WhiteElo "2261"]
[LiveChessVersion "1.4.8"]

1. e4 {[%clk 1:30:56]} c5 {[%clk 1:30:42]} 2. Nf3 {[%clk 1:30:48]} e6
{[%clk 1:31:01]} 3. b3 {[%clk 1:30:37]} b6 {[%clk 1:28:51]} 4. d4
{[%clk 1:30:28]} cxd4 {[%clk 1:27:53]} 5. Nxd4 {[%clk 1:30:48]} Bb7
{[%clk 1:25:20]} 6. Nd2 {[%clk 1:28:30]} Qf6 {[%clk 1:12:25]} 7. Bb2
{[%clk 1:27:40]} Bc5 {[%clk 1:12:19]} 8. Nc4 {[%clk 1:22:13]} Bxe4
{[%clk 0:41:15]} 9. Qd2 {[%clk 1:17:57]} Qh6 {[%clk 0:27:01]} 10. Nb5
{[%clk 1:15:49]} Qxd2+ {[%clk 0:27:07]} 11. Nxd2 {[%clk 1:13:26]} Bc6
{[%clk 0:16:59]} 12. Bxg7 {[%clk 1:13:04]} Na6 {[%clk 0:16:40]} 13. Bxh8
{[%clk 1:02:52]} f6 {[%clk 0:16:51]} 14. O-O-O {[%clk 1:00:31]} Kf7
{[%clk 0:16:03]} 15. Nd6+ {[%clk 0:45:48]} Bxd6 {[%clk 0:16:03]} 16. Bxa6
{[%clk 0:46:13]} Ba3+ {[%clk 0:11:16]} 17. Kb1 {[%clk 0:46:27]} Nh6
{[%clk 0:11:25]} 18. Bxf6 {[%clk 0:39:47]} Kxf6 {[%clk 0:11:41]} 19. f3
{[%clk 0:39:43]} Nf5 {[%clk 0:11:04]} 20. Rhe1 {[%clk 0:37:57]} Rg8
{[%clk 0:10:26]} 21. Bf1 {[%clk 0:36:48]} Ke7 {[%clk 0:09:01]} 22. c3
{[%clk 0:34:00]} Bd6 {[%clk 0:08:21]} 23. g3 {[%clk 0:32:39]} Bc7
{[%clk 0:08:12]} 24. Bd3 {[%clk 0:30:31]} Rf8 {[%clk 0:07:12]} 25. Bxf5
{[%clk 0:30:01]} Rxf5 {[%clk 0:06:56]} 26. f4 {[%clk 0:29:54]} Rh5
{[%clk 0:06:34]} 27. Re2 {[%clk 0:30:01]} Kf6 {[%clk 0:06:16]} 28. Rf1
{[%clk 0:27:14]} Kf5 {[%clk 0:04:23]} 29. Rff2 {[%clk 0:24:40]} Kg4
{[%clk 0:04:05]} 30. Nc4 {[%clk 0:24:09]} Rc5 {[%clk 0:03:04]} 31. Kb2
{[%clk 0:24:02]} h5 {[%clk 0:02:02]} 32. Ne5+ {[%clk 0:24:16]} Kf5
{[%clk 0:02:23]} 33. b4 {[%clk 0:23:24]} Rd5 {[%clk 0:02:07]} 34. Nxc6
{[%clk 0:23:44]} dxc6 {[%clk 0:02:35]} 35. Rd2 {[%clk 0:23:58]} b5
{[%clk 0:02:52]} 36. Rxd5+ {[%clk 0:24:06]} cxd5 {[%clk 0:03:13]} 37. Re2
{[%clk 0:24:17]} a6 {[%clk 0:03:26]} 38. Kb3 {[%clk 0:23:37]} h4 {[%clk 0:03:41]}
39. Kc2 {[%clk 0:22:16]} h3 {[%clk 0:02:56]} 40. Kd3 {[%clk 0:22:17]} Bb8
{[%clk 0:03:11]} 41. Ke3 {[%clk 0:22:11]} Kg4 {[%clk 0:03:23]} 42. Kf2
{[%clk 0:22:34]} Ba7+ {[%clk 0:02:59]} 43. Kf1 {[%clk 0:22:58]} 1-0

[Event "EYCC 2024 - O16"]
[Site "?"]
[Date "2024.08.26"]
[Round "5.6"]
[White "Ceyhan, Mert"]
[Black "Zielonka, Adam"]
[Result "0-1"]
[BlackElo "2253"]
[WhiteElo "2135"]
[LiveChessVersion "1.4.8"]

1. e4 {[%clk 1:30:44]} c5 {[%clk 1:30:58]} 2. Nf3 {[%clk 1:30:56]} e6
{[%clk 1:31:18]} 3. g3 {[%clk 1:31:21]} Nc6 {[%clk 1:31:44]} 4. Bg2
{[%clk 1:31:48]} Nf6 {[%clk 1:32:10]} 5. Qe2 {[%clk 1:32:10]} e5 {[%clk 1:32:36]}
6. O-O {[%clk 1:32:30]} Be7 {[%clk 1:33:04]} 7. d3 {[%clk 1:32:55]} h6
{[%clk 1:32:35]} 8. Na3 {[%clk 1:31:52]} O-O {[%clk 1:32:37]} 9. Nc4
{[%clk 1:32:18]} d6 {[%clk 1:29:36]} 10. a4 {[%clk 1:31:02]} Be6 {[%clk 1:28:12]}
11. Ne3 {[%clk 1:30:27]} Qd7 {[%clk 1:27:23]} 12. Nd2 {[%clk 1:24:13]} d5
{[%clk 1:24:45]} 13. exd5 {[%clk 1:23:32]} Nxd5 {[%clk 1:24:52]} 14. Ndc4
{[%clk 1:23:29]} Bf6 {[%clk 1:15:35]} 15. Bd2 {[%clk 1:16:52]} Nf4
{[%clk 0:59:44]} 16. gxf4 exf4 {[%clk 0:58:18]} 17. Bxc6 {[%clk 1:07:48]} bxc6
{[%clk 0:58:42]} 18. Ng2 {[%clk 1:07:48]} Bxc4 {[%clk 0:54:54]} 19. dxc4
{[%clk 1:06:10]} f3 {[%clk 0:55:18]} 20. Qxf3 {[%clk 1:06:25]} Qxd2
{[%clk 0:55:44]} 21. Ne3 {[%clk 1:05:10]} Bg5 {[%clk 0:48:15]} 22. Rad1
{[%clk 1:02:33]} Qb4 {[%clk 0:48:33]} 23. b3 {[%clk 1:02:50]} Bxe3
{[%clk 0:48:45]} 24. fxe3 {[%clk 1:02:14]} Qc3 {[%clk 0:48:43]} 25. Rf2
{[%clk 1:01:27]} Rae8 {[%clk 0:46:59]} 26. Rd3 {[%clk 0:59:42]} Qa1+
{[%clk 0:46:44]} 27. Rf1 {[%clk 0:58:38]} Qb2 {[%clk 0:46:17]} 28. Rd2
{[%clk 0:53:35]} Qc3 {[%clk 0:45:01]} 29. Re2 {[%clk 0:52:09]} Re6
{[%clk 0:44:05]} 30. Kh1 {[%clk 0:37:03]} Rf6 {[%clk 0:39:21]} 31. Qh3
{[%clk 0:37:05]} Rxf1+ {[%clk 0:38:55]} 32. Qxf1 {[%clk 0:37:30]} Re8
{[%clk 0:38:38]} 33. Qf5 {[%clk 0:31:34]} Qa1+ {[%clk 0:28:45]} 34. Kg2
{[%clk 0:32:01]} Re5 {[%clk 0:28:58]} 35. Qc8+ {[%clk 0:31:34]} Kh7
{[%clk 0:29:23]} 36. h4 {[%clk 0:31:40]} Re6 {[%clk 0:28:57]} 37. Kh2
{[%clk 0:30:25]} Qe5+ {[%clk 0:24:31]} 38. Kg1 {[%clk 0:29:45]} Qg3+
{[%clk 0:23:57]} 39. Rg2 {[%clk 0:30:10]} Qxe3+ {[%clk 0:22:32]} 40. Kh2
{[%clk 0:30:36]} Qf4+ {[%clk 0:22:53]} 0-1

[Event "EYCC 2024 - O16"]
[Site "?"]
[Date "2024.08.26"]
[Round "5.7"]
[White "Elias, David"]
[Black "Oruzinsky, Juraj"]
[Result "1-0"]
[BlackElo "2166"]
[WhiteElo "2246"]
[LiveChessVersion "1.4.8"]

1. c4 {[%clk 1:30:58]} c6 {[%clk 1:30:54]} 2. e4 {[%clk 1:31:22]} d5
{[%clk 1:31:08]} 3. exd5 {[%clk 1:31:41]} cxd5 {[%clk 1:31:31]} 4. d4
{[%clk 1:32:08]} Nf6 {[%clk 1:31:32]} 5. Nc3 {[%clk 1:32:31]} Nc6
{[%clk 1:30:03]} 6. Nf3 {[%clk 1:32:51]} Bg4 {[%clk 1:28:44]} 7. cxd5
{[%clk 1:33:13]} Nxd5 {[%clk 1:29:06]} 8. Qb3 {[%clk 1:33:31]} Bxf3
{[%clk 1:29:20]} 9. gxf3 {[%clk 1:33:52]} e6 {[%clk 1:29:05]} 10. Qxb7
{[%clk 1:33:53]} Nxd4 {[%clk 1:29:20]} 11. Bb5+ {[%clk 1:34:15]} Nxb5
{[%clk 1:29:45]} 12. Qc6+ {[%clk 1:34:40]} Ke7 {[%clk 1:30:10]} 13. Qc5+
{[%clk 1:35:02]} Nd6 {[%clk 1:29:16]} 14. Nxd5+ {[%clk 1:35:24]} Kd7
{[%clk 1:27:35]} 15. Nc3 {[%clk 1:35:22]} Qb6 {[%clk 1:26:11]} 16. Qe5
{[%clk 1:33:06]} Qc6 {[%clk 1:13:31]} 17. Bf4 {[%clk 1:10:12]} f6
{[%clk 1:02:17]} 18. Qe2 {[%clk 1:09:42]} Qc4 {[%clk 0:49:07]} 19. Bxd6
{[%clk 0:58:19]} Qxe2+ {[%clk 0:49:29]} 20. Kxe2 {[%clk 0:58:42]} Bxd6
{[%clk 0:47:02]} 21. Rhg1 {[%clk 0:59:05]} Rhg8 {[%clk 0:41:55]} 22. Rg4
{[%clk 0:54:20]} Be5 {[%clk 0:29:20]} 23. Rd1+ {[%clk 0:48:42]} Ke7
{[%clk 0:28:42]} 24. f4 {[%clk 0:32:22]} Bxc3 {[%clk 0:25:19]} 25. bxc3
{[%clk 0:32:36]} Rab8 {[%clk 0:14:53]} 26. Rd2 {[%clk 0:32:02]} g6
{[%clk 0:14:24]} 27. Rg3 {[%clk 0:30:00]} Rgc8 {[%clk 0:14:08]} 28. h4
{[%clk 0:28:18]} Rd8 {[%clk 0:06:13]} 29. Rxd8 {[%clk 0:27:27]} Rxd8
{[%clk 0:06:41]} 30. h5 {[%clk 0:27:14]} Rb8 {[%clk 0:06:08]} 31. h6
{[%clk 0:25:40]} Rb2+ {[%clk 0:01:44]} 32. Kf1 {[%clk 0:26:08]} Rd2
{[%clk 0:01:02]} 33. c4 {[%clk 0:26:04]} f5 {[%clk 0:01:07]} 34. Ra3
{[%clk 0:25:45]} Rd7 {[%clk 0:01:29]} 35. Ke2 {[%clk 0:25:45]} Kf6
{[%clk 0:01:02]} 36. Ra6 {[%clk 0:26:06]} Re7 {[%clk 0:00:36]} 37. Ke3
{[%clk 0:23:06]} g5 {[%clk 0:00:47]} 38. fxg5+ {[%clk 0:23:32]} Kxg5
{[%clk 0:01:14]} 39. Kd4 {[%clk 0:23:59]} Kxh6 {[%clk 0:00:32]} 40. Ke5
{[%clk 0:24:23]} Kg5 {[%clk 0:00:56]} 41. Rxe6 {[%clk 0:24:43]} Rc7
{[%clk 0:01:22]} 42. Kd5 {[%clk 0:24:09]} h5 {[%clk 0:01:43]} 43. c5
{[%clk 0:24:12]} h4 {[%clk 0:01:15]} 44. Kd6 {[%clk 0:24:38]} Rh7
{[%clk 0:01:32]} 45. c6 {[%clk 0:24:53]} Kg4 {[%clk 0:00:35]} 46. c7
{[%clk 0:21:52]} Rh8 {[%clk 0:01:02]} 47. Kd7 {[%clk 0:21:09]} h3
{[%clk 0:01:28]} 48. c8=Q {[%clk 0:20:50]} Rxc8 {[%clk 0:01:53]} 49. Kxc8
{[%clk 0:21:12]} Kf3 {[%clk 0:02:17]} 50. Rh6 {[%clk 0:21:29]} Kg2
{[%clk 0:02:39]} 51. f4 {[%clk 0:21:49]} Kg3 {[%clk 0:02:25]} 52. a4
{[%clk 0:22:08]} a5 {[%clk 0:02:51]} 53. Kd7 {[%clk 0:22:25]} Kxf4
{[%clk 0:02:30]} 54. Rxh3 {[%clk 0:22:50]} Ke4 {[%clk 0:02:55]} 55. Kc6
{[%clk 0:23:04]} 1-0

[Event "EYCC 2024 - O16"]
[Site "?"]
[Date "2024.08.26"]
[Round "5.8"]
[White "Kassios, Dimitrios"]
[Black "Davudov, Tunar"]
[Result "1-0"]
[BlackElo "2238"]
[WhiteElo "2116"]
[LiveChessVersion "1.4.8"]

1. e4 {[%clk 1:30:57]} c5 {[%clk 1:30:49]} 2. Nf3 {[%clk 1:31:23]} e6
{[%clk 1:30:59]} 3. d4 {[%clk 1:31:49]} cxd4 {[%clk 1:31:24]} 4. Nxd4
{[%clk 1:32:14]} Nc6 {[%clk 1:31:18]} 5. Nc3 {[%clk 1:32:38]} Qc7
{[%clk 1:31:36]} 6. Be3 {[%clk 1:32:59]} a6 {[%clk 1:31:42]} 7. Bd3
{[%clk 1:32:29]} Nf6 {[%clk 1:31:05]} 8. Qe2 {[%clk 1:31:49]} b5 {[%clk 1:22:44]}
9. Nxc6 {[%clk 1:29:41]} dxc6 {[%clk 1:21:10]} 10. a4 {[%clk 1:27:12]} b4
{[%clk 1:20:22]} 11. Nb1 {[%clk 1:26:50]} c5 {[%clk 1:13:18]} 12. Nd2
{[%clk 1:26:18]} Bb7 {[%clk 1:11:55]} 13. O-O {[%clk 1:19:10]} Be7
{[%clk 1:08:23]} 14. Rac1 {[%clk 1:07:44]} O-O {[%clk 1:06:20]} 15. c3
{[%clk 1:08:05]} a5 {[%clk 0:48:26]} 16. cxb4 {[%clk 0:57:09]} axb4
{[%clk 0:47:01]} 17. Nb3 {[%clk 0:56:59]} Bxe4 {[%clk 0:42:04]} 18. Bxc5
{[%clk 0:50:51]} Bxd3 {[%clk 0:41:15]} 19. Qxd3 {[%clk 0:51:14]} Nd5
{[%clk 0:40:25]} 20. a5 {[%clk 0:39:48]} Bxc5 {[%clk 0:25:33]} 21. Rxc5
{[%clk 0:39:14]} Qe5 {[%clk 0:24:59]} 22. Qd4 {[%clk 0:35:59]} Qe2
{[%clk 0:21:09]} 23. Qd2 {[%clk 0:29:55]} Qe4 {[%clk 0:16:29]} 24. Re1
{[%clk 0:29:47]} Qg6 {[%clk 0:16:37]} 25. Nd4 {[%clk 0:27:06]} h6
{[%clk 0:15:47]} 26. Nc6 {[%clk 0:25:28]} Qg4 {[%clk 0:11:40]} 27. h3
{[%clk 0:25:29]} Qh4 {[%clk 0:11:39]} 28. Rec1 {[%clk 0:23:00]} b3
{[%clk 0:09:14]} 29. R1c4 {[%clk 0:18:36]} Qf6 {[%clk 0:09:28]} 30. Qd4
{[%clk 0:18:27]} Ra6 {[%clk 0:04:25]} 31. Qxf6 {[%clk 0:15:30]} gxf6
{[%clk 0:04:40]} 32. Nb4 {[%clk 0:15:09]} Nxb4 {[%clk 0:04:30]} 33. Rxb4
{[%clk 0:15:34]} Rfa8 {[%clk 0:04:46]} 34. Rbb5 {[%clk 0:15:53]} Kf8
{[%clk 0:04:58]} 35. Kf1 {[%clk 0:15:57]} Ke7 {[%clk 0:04:01]} 36. Ke2
{[%clk 0:16:16]} Kd6 {[%clk 0:04:19]} 37. Kd3 {[%clk 0:16:10]} Rc6
{[%clk 0:03:42]} 38. Rxc6+ {[%clk 0:15:51]} Kxc6 {[%clk 0:04:06]} 39. Kc4
{[%clk 0:16:07]} f5 {[%clk 0:04:09]} 40. Rb6+ {[%clk 0:15:22]} Kc7
{[%clk 0:04:31]} 41. Kb5 {[%clk 0:15:44]} Rd8 {[%clk 0:04:30]} 42. Rc6+
{[%clk 0:15:53]} Kb8 {[%clk 0:04:11]} 43. a6 {[%clk 0:14:24]} Rd4
{[%clk 0:03:01]} 44. Rc4 {[%clk 0:13:58]} Rd6 {[%clk 0:01:12]} 45. Rc3
{[%clk 0:13:05]} e5 {[%clk 0:00:41]} 46. Rxb3 {[%clk 0:12:31]} Ka7
{[%clk 0:01:06]} 47. Kc5 {[%clk 0:12:48]} Rd2 {[%clk 0:01:04]} 48. Rf3
{[%clk 0:09:08]} f4 {[%clk 0:01:19]} 49. b4 {[%clk 0:09:23]} Kxa6
{[%clk 0:01:37]} 50. g3 f5 {[%clk 0:01:28]} 51. Kc6 {[%clk 0:09:09]} Rc2+
{[%clk 0:01:35]} 52. Kd5 {[%clk 0:09:35]} Re2 {[%clk 0:01:35]} 53. gxf4
{[%clk 0:09:20]} e4 {[%clk 0:01:59]} 54. Rc3 {[%clk 0:09:18]} Rxf2
{[%clk 0:02:14]} 55. Kc6 {[%clk 0:09:23]} Ka7 {[%clk 0:02:37]} 56. Kc7
{[%clk 0:09:16]} Rf3 {[%clk 0:01:22]} 57. Rc5 {[%clk 0:09:37]} Ra3
{[%clk 0:01:47]} 58. Rxf5 {[%clk 0:09:50]} Rc3+ {[%clk 0:02:05]} 59. Kd6
{[%clk 0:10:02]} Rd3+ {[%clk 0:01:20]} 60. Kc5 {[%clk 0:09:54]} Rxh3
{[%clk 0:01:30]} 61. Rf7+ {[%clk 0:10:07]} Kb8 {[%clk 0:01:49]} 62. Re7
{[%clk 0:10:06]} Rc3+ {[%clk 0:00:41]} 63. Kb6 {[%clk 0:10:18]} h5
{[%clk 0:00:46]} 64. Rxe4 {[%clk 0:10:28]} Rc8 {[%clk 0:00:43]} 65. Re6
{[%clk 0:08:16]} Rf8 {[%clk 0:00:31]} 66. Rh6 {[%clk 0:08:20]} Kc8
{[%clk 0:00:50]} 67. Kc6 {[%clk 0:08:45]} Kb8 {[%clk 0:01:08]} 68. b5
{[%clk 0:09:06]} Rc8+ {[%clk 0:01:13]} 69. Kb6 {[%clk 0:09:17]} Rf8
{[%clk 0:01:36]} 70. Kc6 {[%clk 0:08:21]} Kc8 {[%clk 0:01:15]} 71. f5
{[%clk 0:06:48]} h4 {[%clk 0:00:55]} 72. f6 {[%clk 0:07:06]} h3 {[%clk 0:01:05]}
73. f7 {[%clk 0:07:21]} Kd8 {[%clk 0:00:50]} 74. Kd6 {[%clk 0:07:46]} 1-0